000 00893nam a22003137a 4500
001 BR8804402
003 BR-BrBNA
005 20230928092955.0
007 ta
008 230509b bl.||||| |||| 00| 0 por d
040 _aBR-BrBNA
_bpor
_cBiblioteca Nacional de Agricultura
041 _a(Por)
072 _aE80; Q02
090 _ E80 BR8804402
100 1 _aSantos, M.
100 1 _aPereira, R.
110 1 _aProjeto Tecnologias Alternativas - FASE, Sao Luis, MA (Brasil);
_98096
110 1 _aSociedade Maranhense de Defesa dos Direitos Humanos, Sao Luis, MA (Brasil)
245 1 _aBoca de forno
260 3 _aSao Luis, MA (Brasil):
_c[nd].
300 _a4 p.
500 _aPublished after 1975; Serie desconsiderada
650 _aECONOMIA DOMESTICA
650 _aCULINARIA
650 _aBABACU
650 _aCAJU
909 _a202309
_bLucia
_c55
_dLucia Elande
942 _cBK
999 _c42305
_d42305